Medicinal chemistry. (Record no. 7717)

MARC details
000 -LEADER
fixed length control field 00597nam a22002057a 4500
003 - CONTROL NUMBER IDENTIFIER
control field OSt
005 - DATE AND TIME OF LATEST TRANSACTION
control field 20220221111124.0
008 - FIXED-LENGTH DATA ELEMENTS--GENERAL INFORMATION
fixed length control field 220221b ||||| |||| 00| 0 eng d
020 ## - INTERNATIONAL STANDARD BOOK NUMBER
International Standard Book Number 1859962076
040 ## - CATALOGING SOURCE
Transcribing agency NLM
082 ## - DEWEY DECIMAL CLASSIFICATION NUMBER
Classification number QV744 P27m 2001
100 ## - MAIN ENTRY--PERSONAL NAME
Personal name Patrick, Graham L
9 (RLIN) 8528
245 ## - TITLE STATEMENT
Title Medicinal chemistry.
260 ## - PUBLICATION, DISTRIBUTION, ETC. (IMPRINT)
Place of publication, distribution, etc. Oxford, UK :
Name of publisher, distributor, etc. BIOS,
Date of publication, distribution, etc. 2001
300 ## - PHYSICAL DESCRIPTION
Extent vi, 278 pages :
Other physical details illustrations ;
Dimensions 25 cm
504 ## - BIBLIOGRAPHY, ETC. NOTE
Bibliography, etc Includes bibliographical references and index.
650 ## - SUBJECT ADDED ENTRY--TOPICAL TERM
Topical term or geographic name as entry element Pharmaceutical chemistry .
9 (RLIN) 283
650 ## - SUBJECT ADDED ENTRY--TOPICAL TERM
Topical term or geographic name as entry element Chemistry, Pharmaceutical.
9 (RLIN) 1587
942 ## - ADDED ENTRY ELEMENTS (KOHA)
Source of classification or shelving scheme Other/Generic Classification Scheme
Koha item type Open Shelf
Holdings
Withdrawn status Lost status Source of classification or shelving scheme Damaged status Not for loan Home library Current library Date acquired Source of acquisition Inventory number Total Checkouts Full call number Barcode Date last seen Date last checked out Price effective from Koha item type
    Other/Generic Classification Scheme     MUST Main Library MUST Main Library 21/02/2022 Purchase 05/24971 1 QV744 P27m 2001 2022-0246 07/03/2022 21/02/2022 21/02/2022 Open Shelf